Predlžovanie životnosti priemyselných kvapalín vo firme MARTINREA Slovakia s.r.o.
Gespeichert in:
| 1. Verfasser: | |
|---|---|
| Weitere Verfasser: | |
| Format: | Manuskript Buch |
| Sprache: | Slowakisch |
| Veröffentlicht: |
2016
|
| Schlagworte: | |
| Online-Zugang: | http://is.stuba.sk/zp/portal_zp.pl?podrobnosti=118414 |
| Tags: |
Keine Tags, Fügen Sie das erste Tag hinzu!
|
MARC
| LEADER | 00000ntm a22000003a 4500 | ||
|---|---|---|---|
| 001 | stuzp58163 | ||
| 003 | SK-STU | ||
| 005 | 20160719155502.0 | ||
| 007 | ta | ||
| 008 | 150427s2015----xo-----f-mn---000-0-slo-d | ||
| 040 | |a STU |b slo | ||
| 041 | 0 | |a slo | |
| 100 | 1 | |a Ondruška, Peter |u 065000 |k Z4 |4 aut |U MTF Materiálovotechnologická fakulta |T MTF Ústav integrovanej bezpečnosti |X 45622 |U M5000 |Y 85 |7 A000045622 | |
| 242 | 0 | 1 | |a Extending the life of industrial fluids in company Martinrea Slovakia Ltd. |y eng |
| 245 | 1 | 0 | |a Predlžovanie životnosti priemyselných kvapalín vo firme MARTINREA Slovakia s.r.o. |
| 260 | |c 2016 | ||
| 650 | 4 | |a procesné média |2 slo | |
| 650 | 4 | |a biocídy |2 slo | |
| 650 | 4 | |a ozón |2 slo | |
| 650 | 4 | |a ozonizácia |2 slo | |
| 650 | 4 | |a process fluids |2 eng | |
| 650 | 4 | |a ozone |2 eng | |
| 650 | 4 | |a ozonation |2 eng | |
| 650 | 4 | |a biocides |2 eng | |
| 700 | 1 | |a Gerulová, Kristína |u 065100 |k Z1 |4 ths |U MTF Ústav integrovanej bezpečnosti |T MTF Katedra environmentálneho inžinierstva |X 4746 |U M5100 |Y 194 |7 A000004746 | |
| 856 | 4 | |u http://is.stuba.sk/zp/portal_zp.pl?podrobnosti=118414 | |
| 996 | |c M* DP-12633 |l MMSKP |s P |a 0 |w stuzp58163_0001 | ||
| SQL | |a stuzp58163 |b DDP |c SLO |d Predlžovanie životnosti priemyselných kvapalín vo firme MARTINREA Slovakia s.r.o. |e 45622 |f Ondruška, Peter |g 065000 |h 4746 |i Gerulová, Kristína |j 20160531 |k 670 |l 06 |m http://is.stuba.sk/zp/portal_zp.pl?podrobnosti=118414 |n I-IBE |o 8.3.5. bezpečnosť a ochrana zdravia pri práci | ||